000 01473nam1a22002891i 4500
001 rc\2987602
005 20241101153700.0
035 _a(NLR Aleph) 007131952
090 _a6968475
_c6968475
100 _a20110913d1937 |||y0rusy50 ca
101 1 _arus
_cfre
102 _aRU
105 _ay z |||||
200 1 _aВременное наставление по оборудованию местности
_fПер. с франц. военинж. 1 ранга Залесского П.Н. и военинж-ров 2 ранга Ефремова К.Н. и Карпитского П.С.
_gПод общ. ред. и с пред. военинж. 1 ранга доц. А.И. Пангксена
_gВоен.-инж. акад. РККА им. В.В. Куйбышева
210 _aМосква
_cВоен.-инж. акад. РККА им. В.В. Куйбышева
_d1937
_g5 тип. Трансжелдориздата
215 _d19х14 см
300 _aНа обороте тит. л.: "Instruction provisoire sur l'organisation du terrain ... 1934"
702 1 _aЗалесский
_bП.Н.
_4730
702 1 _aЕфремов
_bК.Н.
_4730
702 1 _aКарпитский
_bП.С.
_4730
702 1 _aПангксен
_bА.И.
_4340
740 1 _aФранция
_tВоенные уставы и наставления
_9773314
_3RU\NLR\AUTH\880553432
801 0 _aRU
_bNLR
_gpsbo
801 1 _aRU
_bELAR
_2rusmarc
852 _aNLR
_j37-17/51(3)
942 _cBOOK